[Event "St Petersburg-Paris NAO"]
[Site "Internet"]
[Date "2003.05.28"]
[Round "1.3"]
[White "Kortschnoj, Viktor Lvovich"]
[Black "Fressinet, Laurent"]
[Result "1-0"]
[WhiteElo "2632"]
[BlackElo "2595"]
[Annotator "Tsesarsky,I"]
[PlyCount "141"]
[EventDate "2003.05.28"]
[EventType "team"]
[EventRounds "1"]
[EventCountry "RUS"]
[SourceTitle "CBM 096"]
[Source "ChessBase"]
[SourceDate "2003.09.25"]
[SourceVersion "1"]
[SourceVersionDate "2003.09.25"]
[SourceQuality "1"]
[WhiteTeam "St Petersburg"]
[BlackTeam "Paris NAO"]
[WhiteTeamCountry "RUS"]
[BlackTeamCountry "FRA"]

{[%mdl 2]} 1. d4 d5 2. c4 c6 3. Nf3 Nf6 4. e3 e6 5. Bd3 Nbd7 6. O-O Bd6 7. Nbd2
O-O 8. e4 e5 9. cxd5 cxd5 10. exd5 exd4 11. Nc4 Nb6 12. Nxd6 {Other
continuations make black defence easier:} (12. Bg5 Nbxd5 (12... Bg4 $6 13. Nxb6
axb6 14. h3 Bh5 15. g4 Bg6 16. Bxg6 hxg6 17. Qxd4 $16 {1-0 Gurevich,M-Kelleher,
W/Philadelphia 1994/EXT 97 (30)}) 13. Nxd4 Bf4 (13... Bc5 14. Nb3 Be7 15. Ne3 {
1/2-1/2 Knezevic,M-Nikolic,P/Borovo 1981/EXT 99 (15)}) 14. Bh4 Qc7 15. Bg3 Rd8
16. Qb3 Qc5 17. Rad1 Bg4 $1 $15 {0-1 Payen,A-Fressinet,L/Paris 2002/CBM 89 ext
(41)}) (12. Nxd4 Nxc4 13. Bxc4 Bxh2+ $1 (13... Qc7 $6 14. b3 Bxh2+ 15. Kh1 Be5
16. f4 Bg4 17. Qd3 Bxd4 18. Qxd4 Rfe8 19. Bb2 Re4 20. Qf2 Qd8 21. Bd3 Re8 22.
Qh4 h5 23. Qg5 Re3 24. Bc4 $16 {1/2-1/2 Ftacnik,L-Nikolic,P/Vrsac 1981/MCD (50)
}) 14. Kxh2 Qc7+ 15. d6 Qxc4 16. Re1 $11) 12... Qxd6 13. Bc2 {Interesting
novelty.} (13. Nxd4 Nbxd5 (13... Qxd5 14. Be2 Rd8 15. Nb5 Qxd1 16. Rxd1 Rxd1+
17. Bxd1 Nbd5 18. Nd6 b6 19. Nxc8 Rxc8 20. Bd2 h6 21. f3 $14 {[%csl Gd1,Gd2]
1-0 Daly,C-Galligan,B/IRL 1998/EXT 2003 (47)}) 14. Nb5 Qb6 15. Nc3 Be6 $11 {
[%csl Gd5] 1/2-1/2 Bianchi,G-Veron,C/Paris 2002/EXT 2003 (55)}) (13. Be2 Nbxd5
14. Qxd4 Be6 15. Bg5 Rfd8 16. Rfd1 Qe7 17. Qe5 h6 18. Bh4 $14 {0-1 Sprotte,
N-Teich,U/Bad Wiessee 1998/EXT 2001 (45)}) 13... Bg4 14. Qxd4 Qxd5 ({After} 
14... Bxf3 15. gxf3 Rac8 16. Bb3 Nfxd5 17. Kh1 $132 {White obtains strong pair
of BB, but doubled PPf and no weaknesses promise to Black sufficient
counterplay.}) 15. Qxd5 Nbxd5 16. Bd2 Rfe8 (16... Bxf3 17. gxf3 Rad8 18. Rad1
$11 {[%csl Gc2,Gd2,Gd5,Rf2,Rf3,Rh2]}) 17. Rfe1 h6 $6 $14 {Missing eventually
the opportunity to create doubled PP in white's PP chain.} (17... Bxf3 18. gxf3
$11) 18. Nd4 Bd7 19. f3 {Restricting Nf6} Nb6 20. b3 {[%csl Gb3,Rb6,Gf3,Rf6]
White left with steady advantage of pair of BB in the open position.} Rac8 21.
Rxe8+ Rxe8 22. Kf2 Rd8 23. Rd1 Rc8 24. Bd3 Nbd5 25. Nf5 Bc6 26. Ne3 Nxe3 27.
Bxe3 a6 28. Bc4 Bb5 $2 $16 {Nervious move. Black doubled PPb will be an object
of attack.} (28... b5 $142 29. Bd3 Nd5 30. Bd2 Rd8 $14) 29. Bxb5 axb5 {[%csl
Rb5,Rb7]} 30. Rd2 Kf8 31. Bd4 Rc6 (31... Ne8 $144 32. g4 $16) 32. Bxf6 $1 {
Right decision. RR endgame isn't simple. White R is much more active than the
black one.} Rxf6 33. Rd7 Rb6 {[%csl Rb6] The black R is ugly.} 34. g4 b4 $2 $18
{Unbelievable - this is probably decisive mistake...} ({Interesting was} 34...
g5 $142 $1 35. Kg3 (35. b4 $6 Kg7 36. Kg3 (36. Ke3 Kg6 37. Kd4 Ra6 38. Rxb7
Rxa2 39. Rxb5 Rxh2 $11 {[%cal Gh6h5]}) (36. f4 Rf6 37. f5 Ra6 38. Rxb7 Rxa2+
39. Ke3 (39. Kg3 Ra3+) 39... Rxh2 40. Rxb5 h5 41. gxh5 Rxh5 $13) 36... Kg6 37.
h4 gxh4+ 38. Kxh4 f5 (38... Kf6 39. Rd5 Kg6 $14) 39. Rd5 fxg4 40. Kxg4 $14) (
35. f4 $1 b4 36. Kf3 Kg7 37. h3 Kf6 38. Rd4 $16 {[%cal Gf3e3,Ge3d3,Gd3c4]
White can increase his advantage by his K trip to the queenside.}) 35... b4 36.
h4 gxh4+ 37. Kxh4 Kg7 38. f4 Kg6 39. Rd5 (39. f5+ Kf6 $14) 39... Kf6 40. Kg3
Kg6 41. Kf3 Kf6 42. Ke4 Kg6 (42... Re6+ 43. Kd3 Ra6 44. Rb5 Rxa2 45. Rb6+ Kg7
46. Ke4 Re2+ 47. Kf5 Re7 48. Rxb4 Rd7 49. Rb5 $14)) 35. h4 g5 36. h5 $1 Kg7 37.
f4 $1 gxf4 ({Or} 37... Kf6 38. Kf3 Ke6 (38... gxf4 39. Kxf4 {-like in this
game.}) 39. Rd4 Kf6 40. Re4 Rb5 41. f5 Rb6 42. Ke3 Rb5 43. Kd4 Ra5 44. Re2 Rb5
45. Rc2 ({Premature is} 45. Kc4 $4 {in view of} Re5 46. Rg2 Re4+ 47. Kb5 Ke5
$17) 45... Ra5 46. Kc4 Re5 47. Kxb4 Re4+ 48. Rc4 $18) 38. Kf3 Rb5 39. Kxf4 Kf6
40. Rc7 Ke6 41. Rc8 Kf6 42. Re8 Ra5 43. Re4 {On 4-th horizontal the R can
attack Pb4 and protect Pg4 simultaneously. Meantime white K will go to the
queenside.} Rb5 44. Rd4 Ke6 45. Ke4 Kf6 46. Kf4 Ke6 47. Rd8 Kf6 48. Rd6+ Kg7
49. Ke3 Rg5 50. Rd4 Rb5 51. Rf4 {[%csl Rg7]} Kg8 52. Kd3 Kg7 53. Kc4 Ra5 54.
Kxb4 Rxa2 55. Kc5 {[%csl Rb7,Gc5,Rg7]} Ra6 56. Rb4 Rc6+ 57. Kd5 Rc3 ({
Interesting was} 57... Rc7 $5 58. Kd6 Rc6+ {in order to repel white K from the
centre.} 59. Kd7 Re6 60. Rxb7 Re4 61. b4 Rxg4 {[%csl Rd7] Compare this
position with position that created after 59-th move in this game! However,
White still wins:} 62. b5 Kf6 63. b6 Rb4 64. Kc6 Rc4+ (64... Kg5 65. Rxf7 Kxh5
(65... Rc4+ 66. Kb5 Rc8 67. b7 Rb8 68. Kc6 Kxh5 69. Kc7 Rh8 70. b8=Q Rxb8 71.
Kxb8 Kg4 72. Rg7+ Kf4 73. Rh7 Kg5 74. Kc7 h5 75. Kd6 h4 76. Ke5 Kg4 77. Ke4 $18
) 66. Rf5+ $1 ({Not} 66. Rg7 $2 Kh4 67. b7 h5 68. Kc7 Rc4+ $1 ({Loses} 68...
Kh3 $4 69. b8=Q Rxb8 70. Kxb8 h4 71. Kc7 Kh2 72. Kd6 h3 73. Ke5 Kh1 74. Kf4 h2
75. Kg3 $18) 69. Kd8 Rb4 70. Kc8 Rc4+ 71. Rc7 Rb4 72. b8=Q Rxb8+ 73. Kxb8 Kg3
74. Rg7+ Kf3 75. Rh7 Kg4 76. Kc7 h4 77. Kd6 h3 78. Ke5 Kg3 $11) 66... Kg4 67.
Rb5 Rf4 68. b7 Rf8 69. b8=Q Rxb8 70. Rxb8 h5 71. Kd5 h4 72. Ke4 $18) 65. Kb5
Rh4 66. Rc7 Rxh5+ 67. Rc5 Rh1 68. b7 Rb1+ 69. Kc6 Rxb7 70. Kxb7 Kg6 71. Kc6 f5
72. Kd5 $18) 58. Rxb7 Rg3 59. b4 Rxg4 {[%csl Gd5]} 60. b5 Kf6 61. b6 Rb4 62.
Kc5 Rb1 63. Rd7 Kg5 64. Rd5+ ({Wins also} 64. Rxf7 Kxh5 65. Rf4 Rxb6 (65... Kg5
66. Rb4 Rc1+ 67. Kd6 Rc8 68. b7 Rb8 69. Kc7 Rxb7+ 70. Rxb7 h5 71. Kd6 h4 72.
Ke5 Kg4 73. Ke4 $18) 66. Kxb6 Kg5 67. Rf8 h5 68. Kc5 h4 69. Kd4 $18) 64... f5
65. Kc6 Kxh5 66. Rb5 Re1 67. b7 Re8 68. b8=Q Rxb8 69. Rxb8 Kg4 70. Kd5 h5 71.
Kd4 {Instructive endgame!} 1-0

[Event "Petrov Memorial op"]
[Site "St Petersburg"]
[Date "2000.02.07"]
[Round "1"]
[White "Chetverik, Maxim"]
[Black "Lastin, Alexander"]
[Result "0-1"]
[WhiteElo "2314"]
[BlackElo "2510"]
[Annotator "Tsesarsky,I"]
[PlyCount "66"]
[EventDate "2000.02.05"]
[EventType "swiss"]
[EventRounds "9"]
[EventCountry "RUS"]
[SourceTitle "CBM 076"]
[Source "ChessBase"]
[SourceDate "2000.05.31"]
[SourceVersion "1"]
[SourceVersionDate "2000.05.31"]
[SourceQuality "1"]

1. d4 d5 2. c4 e6 3. g3 $6 $11 {This move promise to Black covenient game.}
dxc4 4. Bg2 $2 $15 {This move make troubles for White.} (4. Qa4+ $1 Bd7 (4...
c6 5. Qxc4 (5. Bg2 $2 b5 6. Qc2 Bb7 7. Nd2 Qxd4 8. Ngf3 Qb6 9. O-O Nd7 10. b3
cxb3 11. axb3 Ngf6 $17 {0-1 Kozul,Z-Dizdar,G/CRO-ch plof 1995/CBM 50/[Van der
Ofen,U] (38)}) 5... Qd5 6. Qxd5 exd5 $11) 5. Qxc4 Bc6 6. Nf3 Nd7 7. Bg2 Be7 8.
Nc3 Ngf6 9. O-O O-O $11 {1/2-1/2 Tajmanow,M-Kotov,A/Moscow 1949 (17)}) 4... c6
$1 {Now it is not easy for White to take back sacrificed pawn c4} (4... Nc6 5.
Nf3 (5. Qa4 Rb8 6. e3 Bb4+ 7. Bd2 Qd6 8. Qb5 Bd7 9. Qxc4 Nf6 10. Nf3 Bxd2+ 11.
Nbxd2 e5 $11 {1/2-1/2 Romanishin,O-Landa,K/Balatonbereny GM 1995 (22)}) 5...
Bb4+ 6. Bd2 Bxd2+ 7. Qxd2 Nf6 (7... Nh6 8. Na3 Nf5 9. e3 Nd6 10. Rc1 O-O 11.
O-O Re8 12. Ne5 (12. Nxc4 Nxc4 13. Rxc4 e5 14. d5 $14) 12... Nxe5 13. dxe5 Nf5
14. Rfd1 $14 {0-1 Seynaeve-Szylkrot/cr ch B teams 1986 (46)}) 8. Na3 Ne4 9. Qc2
Nd6 10. Nxc4 Nxc4 11. Qxc4 O-O 12. Rc1 a5 13. O-O $14 {1-0 Sosonko,G-Rantanen,
Y/Haifa olm 1976 (26)}) (4... Bb4+ $5 5. Bd2 a5 6. Nf3 Nc6 7. Bc3 Nge7 $5 (7...
Nf6 8. Nbd2 Bxc3 9. bxc3 Nd5 10. Nxc4 Nxc3 11. Qb3 Nd5 12. O-O O-O 13. Rfd1 $44
{1-0 Zueger,B-Wirthensohn,H/SUI-chT ,EXP 1996 (59)}) 8. a3 Bxc3+ 9. Nxc3 O-O
10. O-O Rb8 11. e4 b5 12. d5 exd5 13. exd5 b4 14. axb4 axb4 15. dxc6 bxc3 16.
bxc3 $11 {0-1 Pereyra Arcija,D-Bronstein,L/Mar del Plata 1992 (49)}) (4... c5
5. Qa4+ (5. Nf3 Nc6 6. O-O (6. Qa4 cxd4 7. Nxd4 Qxd4 8. Bxc6+ Bd7 9. Be3 (9.
Bxd7+ Qxd7 10. Qxc4 Rc8 11. Qf4 Bd6 12. Qe3 Bb4+ 13. Nc3 Nf6 14. O-O Bxc3 15.
bxc3 Nd5 16. Qxa7 Nxc3 $15) 9... Bxc6 10. Qxc6+ Qd7 11. Qxc4 Rc8 12. Qb3 Bc5
13. O-O Nf6 14. Rd1 $11 {1/2-1/2 Fokin,S-Almasi,I/Ajka 1992 (22)}) (6. Ne5 cxd4
7. Nxc6 bxc6 8. Bxc6+ Bd7 9. Bxa8 Qxa8 10. f3 e5 11. Qc2 Bb5 12. O-O Bc5 13.
Kg2 Nf6 $44 {0-1 Bender,S-Ottman,P/GER chJ U17 ,EXT 1992 (36)}) 6... cxd4 7.
Qa4 Bd7 (7... Nge7 8. Qxc4 g6 9. e3 Bg7 10. exd4 Nxd4 11. Rd1 e5 12. Nxd4 exd4
$15 {1/2-1/2 Quinteros-Campora/Buenos Aires ch-ARG 1978 (30)}) 8. Qxc4 e5 (8...
Qb6 9. Nbd2 (9. Rd1 Rc8 10. Na3 Nf6 11. Nxd4 Bc5 12. Be3 Ng4 13. Nxe6 Nxe3 14.
Qxc5 Qxc5 15. Nxc5 Nxd1 16. Rxd1 Nb8 17. Nxb7 Ke7 18. Nd6 Rcd8 19. Nb7 Rc8 20.
Nd6 Rc7 21. Ndc4 Rd8 $15 {0-1 Manor,I-Greenfeld,A/ISR-ch ,CBM 1986 (84)}) 9...
Nf6 10. Nb3 Rc8 (10... e5 $15) 11. e3 Be7 12. Nbxd4 O-O 13. Qb3 Nxd4 14. Nxd4
Qxb3 15. axb3 e5 16. Nf3 Bb5 17. Re1 Rfd8 $15 {1/2-1/2 Donalson Akhmilovskaya,
E-Maric,A/Borshomi cfW (5) 1990 (27)}) 9. Ng5 Nh6 10. f4 Be7 11. Nf3 exf4 12.
Bxf4 Nf5 $17 {0-1 Bellotti-Passeotti/Milan 1982 (31)}) 5... Qd7 6. Qxd7+ Nxd7
7. Nf3 cxd4 8. Nxd4 Bc5 9. Be3 Ngf6 (9... Bb4+ 10. Bd2 Bc5 11. Be3 Bb4+ 12. Nd2
Ngf6 13. O-O Nb6 14. Rac1 Nfd5 15. Nxc4 Nxc4 16. Rxc4 Nxe3 17. fxe3 Ba5 18. b4
Bb6 19. a4 $11 {1/2-1/2 Chernin,A-Anikaev Yuri N/URS ch (1 liga) URS 1981 (26)}
) 10. Nc2 Rb8 $15 {[%cal Gb7b5]}) 5. a4 (5. Nc3 Nf6 (5... a6 6. a4 Bb4 7. Nf3
Ne7 8. Ne5 Nd5 9. Bd2 Bxc3 10. bxc3 b5 11. e4 Ne7 12. axb5 cxb5 13. h4 Bb7 14.
Qg4 O-O 15. Bh6 Ng6 16. Nxg6 hxg6 17. Bg5 Qb6 18. h5 $16 {1-0 Moskalj,
N-Deretic,Z/cr YUG 1972 (28)}) 6. Nf3 (6. Bg5 Be7 7. Nf3 O-O 8. O-O Nbd7 9. Nd2
Nb6 10. e3 Nfd5 11. Bxe7 Qxe7 12. Qe2 e5 13. dxe5 Nxc3 14. bxc3 Qxe5 15. Rfc1
Be6 $17) (6. a4 c5 $5 7. dxc5 (7. Nf3 Nc6 $17) 7... Qxd1+ 8. Nxd1 Bxc5 9. Be3
Bb4+ 10. Bd2 Bxd2+ 11. Kxd2 Nc6 12. Ne3 Na5 13. Kc3 e5 $17) 6... b5 7. O-O $15)
5... e5 $1 {Strong move. White Ng1had not time to go on f3, and Black use it.}
(5... Nf6 6. Nf3 Be7 7. Ne5 O-O 8. Nxc4 (8. e4 $6 b5 9. O-O (9. Nc3 Bb7 10. Bg5
Nbd7 11. Nxd7 Qxd7 12. Bxf6 Bxf6 13. e5 Be7 $15 {1-0 Baier,U-Hemmerling,F/St
Ingbert ,EXT 1991 (35)}) 9... Bb7 10. Be3 Nbd7 $15) 8... c5 9. dxc5 Qxd1+ 10.
Kxd1 Bxc5 11. Be3 Nbd7 12. Nc3 $11) 6. Nf3 (6. dxe5 Qa5+ 7. Nc3 Qxe5 8. Nf3 Qe6
9. O-O Bb4 $15) 6... exd4 7. Qxd4 Qxd4 8. Nxd4 Nf6 9. Na3 Bc5 10. Be3 Ng4 11.
Nxc4 Nxe3 12. fxe3 Bb4+ 13. Kf2 Bd7 (13... Na6 $2 14. Nxc6 $1) (13... O-O $15)
14. Rhd1 Ke7 15. Nc2 Na6 16. Rac1 (16. Nxb4 Nxb4 17. Nd6 Rab8 18. Rac1 Be6 19.
e4 Rhd8 20. Nf5+ Kf6 21. Nd4 b6 (21... Rd7 22. Nxe6 Rxd1 23. Rxd1 fxe6 24. Rd7
a5 25. e5+ $14) (21... Rd6 $2 22. e5+ $18) 22. Ke3 c5 23. Rf1+ Ke7 24. Nxe6
Kxe6 $17) 16... Bc5 17. Na5 Rab8 18. Rd2 (18. Nb3 Rhd8 19. Ncd4 Bb4 $15) 18...
Rhc8 19. Rcd1 Rc7 (19... Be6 20. b3 Bb6 21. Nc4 Bxc4 22. bxc4 Nc5 $15) 20. Nc4
Be6 21. Ne5 (21. b3 Bxc4 22. bxc4 Bb6 23. Nd4 Nc5 (23... g6 24. Nb3 $15) 24.
Ra2 $15 (24. Nf5+ Kf6 $17)) 21... Re8 22. Nd3 Bb3 23. Ra1 Rd7 24. Ke1 Bxc2 25.
Nxc5 (25. Rxc2 Bxe3 $19) 25... Rxd2 (25... Nxc5 26. Rxc2 Ne6 $17) 26. Kxd2 Nxc5
27. Kxc2 {Pieces change didn't brought simplification for White because
defects of pawn structure have remained.} a5 28. Ra3 (28. Kc3 Kd6 $17) 28...
Kd6 29. Kd2 Ra8 30. e4 $2 $19 {[%csl Ra4,Re4]} (30. Kc3 Ra6 31. b4 (31. b3 Rb6
32. Bf3 Rb4 $17) 31... axb4+ 32. Kxb4 Rb6+ 33. Kc4 Rb2 34. Bf3 $17) 30... Ra6
31. Ke3 (31. Kc2 Rb6 32. Rf3 f6 33. b3 Rb4 $17) 31... Rb6 32. Kd4 Rb4+ 33. Kc3
Nxa4+ 0-1

[Event "Ubeda op 5th"]
[Site "Ubeda"]
[Date "2000.01.20"]
[Round "2"]
[White "Maharramzade, Javad"]
[Black "Tregubov, Pavel V"]
[Result "1-0"]
[WhiteElo "2420"]
[BlackElo "2615"]
[Annotator "Tsesarsky,I"]
[PlyCount "81"]
[EventDate "2000.01.19"]
[EventType "swiss"]
[EventRounds "10"]
[EventCountry "ESP"]
[SourceTitle "CBM 075"]
[Source "ChessBase"]
[SourceDate "2000.04.05"]
[SourceVersion "1"]
[SourceVersionDate "2000.04.05"]
[SourceQuality "1"]

1. d4 d5 2. Nf3 c6 3. c4 e6 4. g3 dxc4 5. Bg2 b5 6. Ne5 {Interesting move -
like in some of variation of Catalon opening} Bb7 7. O-O $5 (7. Nc3 a6 (7...
Qb6 8. a4 (8. e4 Nf6 9. Be3 c5 10. a4 a6 11. axb5 axb5 12. Rxa8 Bxa8 13. d5
Nbd7 14. f4 exd5 15. Nxd7 Nxd7 16. Nxd5 Qd8 17. b3 cxb3 18. Qxb3 Bc6 19. O-O c4
20. Qb2 f6 $15 {Ginsburg,Mark-Lesiege,Alexandre/New York Marshall CC (7) ;CBM
35 ext 1993/0-1 (43)}) 8... Nf6 9. a5 Qc7 10. a6 Bc8 11. Nxb5 cxb5 12. Bxa8 Bd6
13. Bg2 O-O 14. O-O Nxa6 15. Bd2 $14 {Kubikova,Hana-Pallova,Martina/CZE-ch 
(Women) (6) ;EXT 99 1994/1-0 (45)}) 8. a4 Qb6 9. e4 Nf6 10. Be3 Qc7 11. Bf4 Qb6
12. O-O Bb4 13. g4 h6 14. h4 Qd8 15. g5 hxg5 16. hxg5 Nh5 17. Qf3 Nxf4 18. Qxf4
Qe7 19. axb5 Bxc3 20. bxc3 cxb5 21. g6 $16 {Budnikov,Alexandar-Matlak,Marek/
Miedzybrodzie op (1) ;TD 1991/1-0 (47)}) 7... Nd7 (7... Qc7 8. Bf4 Bd6 9. a4
Nf6 10. Nf3 (10. axb5 cxb5 11. Nxf7 Qxf7 (11... Bxf4 12. Bxb7 Qxb7 13. Nxh8 $18
) 12. Bxb7 Qxb7 13. Bxd6 $14) 10... Bxf4 11. gxf4 Qxf4 12. b3 {1/2-1/2
Kinnunen,Kari-Tyni,Janne/FIN-chT 9697 Division-C (7) ;EXT 99 1997}) 8. Nc3 (8.
a4 $5) 8... a6 (8... Nxe5 9. dxe5 Qc7 10. a4 $1 (10. Bf4 Rd8 11. Qc2 Ne7 12. b3
cxb3 (12... Nd5 13. bxc4 Nxf4 14. gxf4 bxc4 $44) 13. axb3 a6 14. Ne4 Nd5 15.
Nd6+ Bxd6 16. exd6 Qd7 17. Rfd1 Nxf4 18. gxf4 O-O 19. e4 f6 20. e5 Qf7 21. b4
$44) 10... b4 11. Ne4 Qxe5 (11... Rd8 12. Qc2 Qxe5 13. Bf4 Qa5 14. Qxc4 c5 15.
Rfd1 Rxd1+ 16. Rxd1 Bd5 17. Rxd5 exd5 18. Qxd5 $16) 12. Qc2 Nf6 13. Bf4 Qf5 14.
Qxc4 $14) 9. a4 (9. Nxc6 $5 Qc8 10. d5 b4 11. Na5 $1 bxc3 12. Nxb7 Rb8 (12...
cxb2 13. Bxb2 e5 14. Na5 $16) 13. dxe6 fxe6 14. bxc3 Rxb7 15. Bxb7 Qxb7 16. Qa4
$14) 9... Nxe5 10. dxe5 Ne7 $1 $11 (10... b4 11. Ne4 c5 12. Qc2 (12. Nd6+ Bxd6
13. Bxb7 Bxe5 14. Bc6+ Ke7 15. Bxa8 Qxa8 16. Be3 (16. Qc2 c3 17. bxc3 Bxc3 18.
Bd2 Bxd2 19. Qxd2 Nf6 20. Qg5 Rc8 21. Qxg7 Qe4 $132) 16... Qc6 17. Rc1 c3 18.
bxc3 Bxc3 19. Bd2 Bxd2 20. Qxd2 Qb6 (20... Qd6 21. Qxd6+ Kxd6 22. Rfd1+ Kc6 23.
Rd8 $16) 21. Qg5+ Nf6 22. Rxc5 h6 23. Qe5 Rd8 24. a5 $16) 12... Bd5 13. Rd1 Qd7
14. Nd6+ Bxd6 15. exd6 Bxg2 16. Kxg2 Qc6+ 17. Kg1 Nf6 18. Qxc4 O-O 19. Bg5 $16)
(10... Qb6 11. Be3 Bc5 12. Bxc5 Qxc5 13. Ne4 Qe7 14. Nd6+ Kf8 15. axb5 axb5 16.
Rxa8+ Bxa8 17. Qa1 $18 {[%csl Ra8]}) 11. axb5 axb5 12. Qxd8+ (12. Nxb5 cxb5 13.
Qxd8+ Kxd8 14. Rxa8+ Bxa8 15. Bxa8 {Like in the game}) 12... Kxd8 13. Rxa8+
Bxa8 14. Nxb5 cxb5 15. Bxa8 Kc7 ({For the simplification and drawing the game
good} 15... Ng6 $5 16. Bc6 b4 (16... Nxe5 17. Bxb5 $16 {[%csl Yb5,Yc1,Rc4]
[%cal Gf2f4]}) 17. Bb5 c3 18. bxc3 bxc3 19. Be3 (19. Rd1+ Kc7 20. Be3 (20. Rd7+
Kb6 21. Ba4 Nxe5 $15) 20... Nxe5 21. Rc1 Bb4 22. Bd4 Kd6 23. f4 Ng6 24. Bxc3
Bxc3 25. Rxc3 $11) 19... Ba3 20. Ra1 Bb2 21. Ra7 c2 22. Bb6+ (22. Bd3 Bd4 23.
Ra8+ Ke7 24. Rxh8 Bxe3 25. Bxc2 Bxf2+ 26. Kxf2 Nxh8 $11) 22... Kc8 23. Rc7+ Kb8
24. Rxc2 Bxe5 25. Ba6 $14) 16. Rd1 $2 $17 (16. Bf4 Ng6 $15) (16. Be4 $1 Ng6 17.
Bd2 Nxe5 18. Ba5+ Kc8 19. Ra1 f5 20. Bg2 $44) 16... Ng6 17. Bd2 Bb4 $1 {
This very strong move gives to Black advantage} 18. Bxb4 Rxa8 {[%mdl 4096]} 19.
f4 (19. h4 h5 20. f4 Nf8 $1 21. Kf2 (21. Bxf8 Rxf8 22. Kf2 Rd8 23. Ra1 Kb6 24.
Ke3 Rd7 $1 (24... b4 $6 25. Ra4 Kb5 26. Ra7 c3 27. bxc3 bxc3 28. Rc7 (28. Rxf7
Kb6 $19) 28... Kb4 29. Rxf7 c2 30. Rc7 Kb3 31. f5 $1 $44) 25. Rg1 Kc5 26. g4
hxg4 27. h5 b4 28. Rxg4 c3 29. bxc3 bxc3 30. Rg1 Kc4 $17) 21... Nd7 $17) 19...
Nf8 $1 (19... Ra2 20. Rd2 Kc6 21. Kf2 $44 {[%csl Rg6]}) 20. Kf2 (20. Bxf8 Rxf8
21. Kf2 Rd8 $1 (21... Ra8 $6 22. Ke3 Ra2 (22... Ra7 23. g4 Kc6 24. h4 b4 25.
Rd8 Ra2 26. Kd4 $132) 23. Rd2 Kc6 (23... b4 24. Rd4 (24. Kd4 c3 $19) 24... Rxb2
25. Rxc4+ Kb6 26. Rc8 $11) 24. Kd4 $11) 22. Ra1 (22. Rxd8 Kxd8 23. Ke3 Kd7 24.
Kd4 Kc6 25. g4 h6 26. e4 Kb6 27. h4 g6 28. h5 gxh5 29. gxh5 Kc6 30. f5 Kb6 $19)
22... Rd7 23. Ke3 Kb6 $17) 20... Nd7 21. e4 (21. Ke3 Nb6 22. Kd4 Kc6 (22... Ra2
23. Kc5) 23. Rc1 Rd8+ 24. Ke4 Na4 25. b3 Nc5+ 26. Bxc5 Kxc5 $17 {[%csl Re4]})
21... Ra2 22. Rd2 Nb6 23. f5 (23. Ke2 $17) 23... Na4 24. Ke3 Rxb2 25. Ba5+ Kc6
26. Rd6+ Kc5 27. Rd7 Rb3+ (27... b4 28. Rxf7 exf5 (28... Rxh2 29. fxe6 Rh6 30.
Rf6 $18) 29. e6 $18) 28. Kf4 exf5 $4 $16 (28... Nb2 $1 29. Rxf7 (29. Rc7+ Kd4
30. Bb6+ Kd3 31. fxe6 (31. Rxf7 c3 $19) 31... fxe6 32. Rxg7 c3 $17) 29... Nd3+
30. Kg5 Nxe5 31. Rxg7 Nf3+ 32. Kf6 (32. Kh6 exf5 33. exf5 b4 34. f6 Ne5 35. Rg5
Kd6 36. Rxe5 Kxe5 37. f7 Rf3 38. Kg7 Rxf7+ 39. Kxf7 b3 40. Bc3+ Ke4 $19) 32...
exf5 33. exf5 b4 34. Rxh7 Ra3 35. Rc7+ Kb5 36. Bxb4 Kxb4 37. h4 Nh2 $17) (28...
b4 $2 29. Rxf7 exf5 30. e6 (30. exf5 Nc3 31. Rxg7 $132) 30... Kd6 31. e7 Kd7
32. Bd8 g5+ 33. Kxg5 Re3 34. Rxf5 (34. Kf4 Rxe4+ 35. Kxf5 Re1 $19) 34... Rxe4
35. Kf6 Ke8 36. Rb5 Nc3 37. Rxb4 Nd5+ 38. Kf5 Re2 39. Rb5 Nxe7+ 40. Bxe7 Kxe7
41. Rb7+ Kd6 42. Rxh7 c3 $11) 29. Rc7+ (29. exf5) 29... Kd4 30. Rd7+ Kc5 31.
exf5 {White wants to win.} (31. Rc7+ Kd4 32. Rd7+ $11) 31... Nc3 (31... Nb2 32.
Ke4 (32. Rxf7 Nd3+ 33. Ke4 Nf2+ 34. Kf4 Nd3+ $11) 32... b4 33. e6 $18) 32. Rc7+
Kd5 33. Rd7+ Kc5 34. Bxc3 Rxc3 35. Rxf7 b4 (35... Rc1 36. Rxg7 $1 c3 37. Rc7+
Kd5 38. e6 b4 39. e7 Re1 40. f6 $18) 36. Rxg7 $1 b3 37. Rb7 Rc1 $2 {Black lost
the last possibility of resistance} (37... Rc2 38. e6 $1 (38. f6 Kd5 39. Rd7+
Kc6 40. Rd6+ Kc5 41. Ke3 b2 42. Rd1 Rc3+ (42... Rc1 43. f7 Rxd1 44. f8=Q+ Kc6
45. Qc8+ $18) 43. Ke2 (43. Ke4 Rc1 $19) (43. Kf4 Rc2 44. e6 Rf2+ 45. Kg5 c3 46.
e7 c2 $19) 43... Rc2+ 44. Kf3 Rc3+ 45. Ke2 $11) 38... Re2 39. e7 $1 (39. g4 Kc6
(39... b2 40. Kf3 $18) 40. Rb4 (40. Rb8 Kd6 41. Rb6+ Kc5) 40... Kc5 41. Rb8 Kd6
$11 42. Kf3 (42. h4 b2 43. Kf3 c3 44. Kxe2 c2 45. Rd8+ Kc7 (45... Ke7 46. Rd7+
Ke8 47. f6 c1=Q 48. f7+ Kf8 49. Rd8+ $18) 46. e7 c1=Q 47. e8=Q Qc4+ 48. Kf3 (
48. Rd3 Qxg4+ 49. Kd2 Qf4+ $11) 48... Qf1+ 49. Kg3 Qg1+ 50. Kf4 Qc1+ $11) 42...
Re1 43. Rb6+ Kc5 44. Rb8 Kd6 45. Kf2 Re4 46. h3 Kc7 47. Rb4 Kd6 48. Kf3 Re1 $11
) 39... Kc6 40. f6 Kxb7 41. f7 b2 42. e8=Q Rxe8 43. fxe8=Q b1=Q 44. Qf7+ Kb6
45. Qxc4 $16) 38. e6 Kd6 39. e7 Re1 40. f6 Re6 41. f7 1-0